000 00830nam a2200253 i 4500
001 bg
003 KOSZ 005
005 20200630132823.0
008 071106s1967 pl f 001 0 pol
015 _aPB 1967/2443
040 _aWA N
_cKOSZ 005/RW
_dKOSZ 005/RW
080 _a33
100 1 _aLange, Oskar
_d(1904-1965)
_eAutor
245 1 0 _aEkonomia polityczna.
_nT. 1,
_pZagadnienia ogólne /
_cOskar Lange.
250 _aWyd. 4.
260 _aWarszawa :
_bPaństwowe Wydawnictwo Naukowe,
_c1967.
300 _a444, [3] s. ;
_c23 cm.
380 _aKsiążki.
504 _aIndeks.
650 4 _aEkonomia polityczna socjalizmu
710 2 _aPaństwowe Wydawnictwo Naukowe
_4pbl.
856 _uhttp://koha.tu.koszalin.pl/cgi-bin/koha/opac-detail.pl?biblionumber=11323
_yKatalog online BPK
942 _2UKD
_cKS
999 _c11323
_d11323